Spôsoby hodnotenia výkonnosti procesov v neziskových organizáciách poskytujúcich špecifické služby

Základné pojmy riešenej problematiky - výkonnosť a nezisková organizácia. Hodnotenie výkonnosti procesov v neziskových organizáciách poskytujúcich špecifické služby. Spôsoby merania výkonnosti procesov v neziskových organizáciách.

Enregistré dans:
Détails bibliographiques
Auteur principal: Gábor, Vladimír
Autres auteurs: Hajduová, Zuzana, 1974-, Husáková, Nikoleta
Format: Chapitre de livre
Langue:slovaque
Sujets:
Tags: Ajouter un tag
Pas de tags, Soyez le premier à ajouter un tag!

MARC

LEADER 00000nla a2200000 4500
001 0192421
005 20240502073229.1
041 0 |a slo 
044 |a SK 
245 1 0 |a Spôsoby hodnotenia výkonnosti procesov v neziskových organizáciách poskytujúcich špecifické služby  |c Vladimír Gábor, Zuzana Hajduová, Nikoleta Husáková 
520 |a Základné pojmy riešenej problematiky - výkonnosť a nezisková organizácia. Hodnotenie výkonnosti procesov v neziskových organizáciách poskytujúcich špecifické služby. Spôsoby merania výkonnosti procesov v neziskových organizáciách. 
610 2 0 |a organizácie neziskové 
610 2 0 |a výkonnosť 
610 2 0 |a meranie výkonnosti 
610 2 0 |a služby 
100 1 |a Gábor, Vladimír 
700 1 |a Hajduová, Zuzana, 1974- 
700 1 |a Husáková, Nikoleta